000 00604nam a2200241Ia 4500
003 OSt
005 20221005125926.0
006 a|||||r|||| 00| 0
007 ta
008 221004b |||||||| |||| 00| 0 eng d
024 _a53025
037 _cTextual
040 _aCRL
_cCRL
_beng
041 _2eng
_aeng
082 _aR3:C8, K4
100 _aSmart J J C Ed.
_9637320
245 0 _aProblems of space and time
260 _c1964
490 _aProblems of philosophy series
650 _aPHILOSOPHY
942 _hR3:C8, K4
_cTEXL
_2cc
999 _c1055523
_d1055523